Least Populous Countries A-Z Quiz Stats

 Plays Quiz Updated Dec 1, 2016

Support Sporcle.
Go Orange.
Score 0/24 Timer 06:00
6 Plays Today
Letter Country % Correct
VVatican City
87.9%
YYemen
84.1%
ZZimbabwe
82.1%
QQatar
76.9%
AAndorra
76%
OOman
75.8%
MMonaco
69%
LLiechtenstein
63.9%
FFiji
62.3%
SSan Marino
61.9%
JJamaica
60.4%
TTuvalu
60.2%
Letter Country % Correct
HHonduras
59.4%
NNauru
59.3%
UUruguay
59.2%
PPalau
58.5%
IIceland
56.6%
KKiribati
55.1%
BBarbados
50.3%
DDominica
48.9%
GGrenada
47.5%
CCabo Verde
36.3%
EEquatorial Guinea
31.7%
RRepublic of the Congo
19.4%

From the Vault

Last Five: Tennis Grand Slam Winners

by teedslaststand

Sports 4m
We assume that the winners of these events call their victory parties "Slamborees".
Remove Ads.
Support Sporcle.
Get the best of Sporcle when you Go Orange. This ad-free experience offers more features, more stats, and more fun while also helping to support Sporcle. Thank you for becoming a member.

Show Comments

Extras

Top Quizzes Today


Score Distribution

Your Account Isn't Verified!

In order to create a playlist on Sporcle, you need to verify the email address you used during registration. Go to your Sporcle Settings to finish the process.

Report this User

Report this user for behavior that violates our Community Guidelines.

Details: